000 00502nam a2200181Ia 4500
005 20250923144325.0
008 008 250917s9999 xx 000 0 eng d
037 _aTextual
040 _aDSWL
_beng
_cDSWL
041 _aeng
_2eng
084 _aA:Q, F7
_qDSWL
100 _aPupin, Michael
_9823669
245 0 _aNew reformation
_cby Michael Pupin
260 _aNew York
_b Charle Scribners
_c1927
300 _a273 p.
942 _cTEXL
_hA:Q, F7
999 _c1437442
_d1437442